2025 Chinese Super League Teams - Statistics

General Stats
  • This quiz has been taken 29 times
  • The average score is 6 of 16
Answer Stats
Manager Answer % Correct
Kevin Muscat Shanghai Port
91%
Quique Setién Beijing Guoan
78%
Choi Kang-hee Shandong Taishan
57%
Nam Ki-il Henan
43%
TBA Zhejiang
43%
Seo Jung-won Chengdu Rongcheng
39%
Li Guoxu Dalian Yingbo
35%
Milan Ristić Meizhou Hakka
35%
Christian Lattanzio Shenzhen Peng City
35%
Xie Hui Changchun Yatai
30%
Yasen Petrov Qingdao Hainiu
30%
Yu Genwei Tianjin Jinmin Tiger
30%
Jørn Anderson Yunnan Yukun
30%
Shao Jiayi Qingdao West Coast
26%
Leonid Slutsky Shanghai Shenghua
26%
TBA Wuhan Three Towers
9%
No matching quizzes found
Score Distribution
Percent of People with Each Score
Percentile by Number Answered
Your Score History
You have not taken this quiz